Politics as dashed hopes in Nigeria
Պահպանված է:
| Հիմնական հեղինակ: | |
|---|---|
| Ձևաչափ: | Գիրք |
| Լեզու: | անգլերեն |
| Հրապարակվել է: |
Safari Books
2019
|
| Ցուցիչներ: |
Ավելացրեք ցուցիչ
Չկան պիտակներ, Եղեք առաջինը, ով նշում է այս գրառումը!
|
MARC
| LEADER | 00000nam a22000007a 4500 | ||
|---|---|---|---|
| 008 | 211230b ||||| |||| 00| 0 eng d | ||
| 020 | |a 97897895598650 | ||
| 100 | |a ANWAR, Auwalu | ||
| 245 | |a Politics as dashed hopes in Nigeria |c Auwalu, Anwar |g viii, 614p | ||
| 260 | |b Safari Books |c 2019 |h Ibadan |i 695903 |i 695904 |i 69505 |l JQ3080.An9 |m Nigeria- Politics and government - 1960- |m Nigeria- History- Politics and government | ||
| 500 | |a it includes index | ||
| 942 | |a lcc |c BK |e Johnson |f 30/12/21 | ||
| 952 | |0 0 |1 0 |2 lcc |4 0 |6 JQ3080 A N9 |7 0 |9 4029 |a SSL |b HOL |c GJ |d 2021-12-30 |l 0 |o JQ3080.An9 |p 2021-67753 |r 2021-12-30 00:00:00 |t 695903 |w 2021-12-30 |y BK | ||
| 952 | |0 0 |1 0 |2 lcc |4 0 |6 JQ3080 A N9 |7 0 |9 4030 |a SSL |b HOL |c GJ |d 2021-12-30 |l 0 |o JQ3080.An9 |p 2021-67754 |r 2021-12-30 00:00:00 |t 695904 |w 2021-12-30 |y BK | ||
| 952 | |0 0 |1 0 |2 lcc |4 0 |6 JQ3080 A N9 |7 0 |9 4031 |a SSL |b HOL |c GJ |d 2021-12-30 |l 0 |o JQ3080.An9 |p 2021-67755 |r 2021-12-30 00:00:00 |t 695905 |w 2021-12-30 |y BK | ||
| 999 | |c 2025 |d 2025 | ||